Central Library OPAC University of Rajshahi

স্বাধীনতার মুখ / (Record no. 38907)

MARC details
000 -LEADER
fixed length control field 00892nam a2200241 a 4500
001 - CONTROL NUMBER
control field 38907
003 - CONTROL NUMBER IDENTIFIER
rucl marc code BD-RjUL
005 - DATE AND TIME OF LATEST TRANSACTION
control field 20211209052900.0
008 - FIXED-LENGTH DATA ELEMENTS--GENERAL INFORMATION
fixed length control field 160424r20131998ii a|||e |||| 001 0 ben d
020 ## - INTERNATIONAL STANDARD BOOK NUMBER
International Standard Book Number 8172157819
Terms of availability : TK.695.00
035 ## - SYSTEM CONTROL NUMBER
System control number (BD-RjUL)39017
040 ## - CATALOGING SOURCE
Original cataloging agency BD-RjUL
Language of cataloging ben
Transcribing agency BD-RjUL
041 ## - LANGUAGE CODE
Language code of text/sound track or separate title ben
082 ## - DEWEY DECIMAL CLASSIFICATION NUMBER
Edition number 23
Classification number 954
Author mark and year TRS 2013
100 ## - MAIN ENTRY--PERSONAL NAME
Personal name ত্রিপাঠী , অমলেশ
9 (RLIN) 120029
245 10 - TITLE STATEMENT
Title স্বাধীনতার মুখ /
Statement of responsibility, etc. অমলেশ ত্রিপাঠী
260 ## - PUBLICATION, DISTRIBUTION, ETC. (IMPRINT)
Place of publication, distribution, etc. কলকাতা :
Name of publisher, distributor, etc. আনন্দ,
Date of publication, distribution, etc. ১৯৯৮ [মুদ্রণ ২০১৩]
300 ## - PHYSICAL DESCRIPTION
Pagination ২৪৭ পৃ. :
Illustrations চিত্র ;
Size ২৪ সেমি.
504 ## - BIBLIOGRAPHY, ETC. NOTE
Bibliography, etc নির্ঘণ্ট সংযুক্ত
650 ## - SUBJECT ADDED ENTRY--TOPICAL TERM
Topical term or geographic name as entry element ভারত
9 (RLIN) 120039
General subdivision ইতিহাস
Chronological subdivision ১৯৪৭-
Topical term or geographic name as entry element India
9 (RLIN) 120040
General subdivision History
Chronological subdivision 1947-
942 ## - ADDED ENTRY ELEMENTS (KOHA)
Source of classification or shelving scheme Dewey Decimal Classification
Koha item type Books
Holdings
Lost status Source of classification or shelving scheme Damaged status Not for loan Collection code Permanent Location Current Location Shelving location Date acquired Source of acquisition Cost, normal purchase price Total Checkouts Full call number Date last seen Copy number Koha item type Date checked out
  Dewey Decimal Classification   Not For Loan Non-fiction Central Library, University of Rajshahi Central Library, University of Rajshahi Reading Room 23/06/2015 Batighor, Chitagong 695.00   B 954 TRS 2013 21/03/2016 C-1 Books  
  Dewey Decimal Classification     Non-fiction Central Library, University of Rajshahi Central Library, University of Rajshahi   23/06/2015 Batighor, Chitagong 695.00   B 954 TRS 2013 21/03/2016 C-2 Books  
  Dewey Decimal Classification     Non-fiction Central Library, University of Rajshahi Central Library, University of Rajshahi   23/06/2015 Batighor, Chitagong 695.00 1 B 954 TRS 2013 03/04/2018 C-3 Books 26/02/2018